Taylor Swift Song Title Synonyms - Statistics

General Stats
  • This quiz has been taken 116 times
  • The average score is 17 of 20
Answer Stats
Synonym Song Title % Correct
12:00 a.m. Precipitation Midnight Rain
94%
Inhale Breathe
93%
Angry Female Adult Mad Woman
92%
January 1st New Year's Day
92%
The Tormented Wordsmiths Division The Tortured Poets Department
91%
The Last Month of Summer August
90%
We Aren't Reuniting Again We Are Never Ever Getting Back Together
89%
Note in a Liquid Container Message in a Bottle
85%
Empty Area Blank Space
84%
Reflectivesphere Mirrorball
84%
Don't Ever Become an Adult Never Grow Up
84%
The Arrow-Shooter The Archer
84%
Without Physical Form, Without Illegal Activity No Body, No Crime
83%
Craziest Nighttime Visions Wildest Dreams
83%
Thread That You Can't See Invisible String
81%
When Emily Becomes Attracted When Emma Falls in Love
79%
My Male Child Just Destroys His Preferred Playthings My Boy Only Breaks His Favorite Toys
75%
Brave Fearless
73%
Bonded with a Grin Tied Together with a Smile
69%
Farewell Farewell Child Bye Bye Baby
65%
No matching quizzes found
Score Distribution
Percent of People with Each Score
Percentile by Number Answered
Your Score History
You have not taken this quiz